Phương pháp giáo dục giá trị sống, kĩ năng sống : Giúp bạn gặt hái sự thành công

Đưa ra các triết lí, các bài học giáo dục giá trị sống nhằm giúp các em biết cách điều chỉnh nhận thức, niềm tin, thái độ, làm giàu các giá trị sống và kĩ năng sống, để chủ động tự tin, sống vị tha, yêu thương, thay đổi tư duy để thành...

Ful tanımlama

Kaydedildi:
Detaylı Bibliyografya
Yazar: Nguyễn, Công Khanh
Materyal Türü: Kitap
Dil:Undetermined
Baskı/Yayın Bilgisi: Hà Nội Nxb. Đại học Sư phạm 2014
Konular:
Etiketler: Etiketle
Etiket eklenmemiş, İlk siz ekleyin!
Thư viện lưu trữ: Trung tâm Học liệu Trường Đại học Cần Thơ
LEADER 01196nam a2200217Ia 4500
001 CTU_199956
008 210402s9999 xx 000 0 und d
020 |c 45000 
082 |a 158.1 
082 |b Kh107 
100 |a Nguyễn, Công Khanh 
245 0 |a Phương pháp giáo dục giá trị sống, kĩ năng sống : 
245 0 |b Giúp bạn gặt hái sự thành công 
245 0 |c Nguyễn Công Khanh 
260 |a Hà Nội 
260 |b Nxb. Đại học Sư phạm 
260 |c 2014 
520 |a Đưa ra các triết lí, các bài học giáo dục giá trị sống nhằm giúp các em biết cách điều chỉnh nhận thức, niềm tin, thái độ, làm giàu các giá trị sống và kĩ năng sống, để chủ động tự tin, sống vị tha, yêu thương, thay đổi tư duy để thành công trong học tập, cuộc sống và hạnh phúc thông qua những câu truyện ngắn 
650 |a Psychology, Applied,Thinking,Tâm lý học ứng dụng,Tư duy 
910 |a Bằng 
980 |a Trung tâm Học liệu Trường Đại học Cần Thơ